5HLuxD.jpg

KING HENRY VIII SENIOR AND PRIMARY SCHOOL LIBRARY OPAC

Wave / (Record no. 87)

000 -LEADER
fixed length control field 00948nam a2200337 i 4500
001 - CONTROL NUMBER
control field 020604402
003 - CONTROL NUMBER IDENTIFIER
control field UkOxU
005 - DATE AND TIME OF LATEST TRANSACTION
control field 20190801092838.0
008 - FIXED-LENGTH DATA ELEMENTS--GENERAL INFORMATION
fixed length control field 160630s2016 stk j 000 f eng c
015 ## - NATIONAL BIBLIOGRAPHY NUMBER
National bibliography number GBB647285
Source bnb
020 ## - INTERNATIONAL STANDARD BOOK NUMBER
International Standard Book Number 9781781125625 (pbk.) :
035 ## - SYSTEM CONTROL NUMBER
System control number (StEdNL)7336181
035 ## - SYSTEM CONTROL NUMBER
System control number (Uk)017795855
040 ## - CATALOGING SOURCE
Original cataloging agency StDuBDS
Language of cataloging eng
Transcribing agency StDuBDS
Modifying agency StEdNL
Description conventions rda
042 ## - AUTHENTICATION CODE
Authentication code ukscp
082 04 - DEWEY DECIMAL CLASSIFICATION NUMBER
Classification number FIC DOW
Edition number 23
100 1# - MAIN ENTRY--PERSONAL NAME
Personal name Dowswell, Paul,
Relator term author.
245 10 - TITLE STATEMENT
Title Wave /
Statement of responsibility, etc. Paul Dowswell.
264 #1 - PRODUCTION, PUBLICATION, DISTRIBUTION, MANUFACTURE, AND COPYRIGHT NOTICE
Place of production, publication, distribution, manufacture Edinburgh :
Name of producer, publisher, distributor, manufacturer Barrington Stoke,
Date of production, publication, distribution, manufacture, or copyright notice 2016.
300 ## - PHYSICAL DESCRIPTION
Extent 86 pages ;
Dimensions 20 cm
336 ## - CONTENT TYPE
Content type term text
Source rdacontent
337 ## - MEDIA TYPE
Media type term unmediated
Source rdamedia
338 ## - CARRIER TYPE
Carrier type term volume
Source rdacarrier
490 ## - SERIES STATEMENT
Series statement Super readable
500 ## - GENERAL NOTE
General note "Barrington Stoke Teen"--Back cover.
655 #0 - INDEX TERM--GENRE/FORM
Genre/form data or focus term High interest-low vocabulary books.
655 #0 - INDEX TERM--GENRE/FORM
Genre/form data or focus term Easy reading
655 #0 - INDEX TERM--GENRE/FORM
Genre/form data or focus term Young adult fiction.
942 ## - ADDED ENTRY ELEMENTS (KOHA)
Source of classification or shelving scheme
Koha item type Books - Fiction
Holdings
Withdrawn status Lost status Source of classification or shelving scheme Damaged status Not for loan Collection code Permanent Location Current Location Shelving location Date acquired Total Checkouts Full call number Barcode Date last seen Date last checked out Price effective from Koha item type
          Fiction KH8 Senior School Library KH8 Senior School Library Easy Reading 2019-07-25 3 FIC DOW 3KHSL000100316 2025-08-28 2025-08-28 2019-07-25 Books - Fiction

Powered By KH8 IT Dept